00500 2200181 4500001002100000005001500021008004100036020001800077035001900095041000700114082001500121090002100136100002200157245004400179260003300223300003300256650002900289INLIS00000000001285820241224114438241224||||||||| | ||| |||| || |  a979-730-301-2 0010-1224012858 aid0 a398.209598 a398.209598 YUL k0 aYuliadi Soekardii00aPutri Simbar Kencana Dari Negeri Talaga aBandungbPustaka Setiac2004 a26x19,5 cm, 116 hlm.; ilus.: 0aCERITA RAKYAT JAWA BARAT